MARC details
| 000 -CABECERA |
| campo de control de longitud fija |
01337nam a22003257a 4500 |
| 003 - IDENTIFICADOR DEL NÚMERO DE CONTROL |
| campo de control |
DO-SdBNP |
| 005 - FECHA Y HORA DE LA ÚLTIMA TRANSACCIÓN |
| campo de control |
20260305074000.0 |
| 007 - CAMPO FIJO DE DESCRIPCIÓN FÍSICA--INFORMACIÓN GENERAL |
| campo de control de longitud fija |
ta |
| 008 - DATOS DE LONGITUD FIJA--INFORMACIÓN GENERAL |
| campo de control de longitud fija |
220826b2009 |||o|||| |||| 001 0 spa d |
| 020 ## - NÚMERO INTERNACIONAL ESTÁNDAR DEL LIBRO |
| Número Internacional Estándar del Libro |
9789945001686 |
| 040 ## - FUENTE DE LA CATALOGACIÓN |
| Centro catalogador/agencia de origen |
DO-SdBNP |
| Lengua de catalogación |
spa |
| Centro/agencia transcriptor |
BNPHU |
| 041 ## - CÓDIGO DE LENGUA |
| Código de lengua del texto cantado o hablado |
Españól |
| -- |
Inglés |
| -- |
Francés |
| Código de lengua original |
spa |
| 082 #4 - NÚMERO DE LA CLASIFICACIÓN DECIMAL DEWEY |
| Número de clasificación |
759.97293 |
| Número de documento/Ítem |
G377f |
| Número de edición |
22 |
| 245 10 - MENCIÓN DE TÍTULO |
| Título |
Fernando Peña Defilló y la memoria de los instintos / |
| Mención de responsabilidad, etc. |
Cándido Gerón ; fotografía Luis Novas ;traducción Altagracia Amelia Cabral y Manuel García Catagena |
| 260 ## - PUBLICACIÓN, DISTRIBUCIÓN, ETC. |
| Lugar de publicación, distribución, etc. |
Santo Domingo : |
| Nombre del editor, distribuidor, etc. |
Corripío, |
| Fecha de publicación, distribución, etc. |
2009. |
| 300 ## - DESCRIPCIÓN FÍSICA |
| Extensión |
273 p. : |
| Otras características físicas |
il.; fot.; |
| Dimensiones |
30 cm |
| 500 ## - NOTA GENERAL |
| Nota general |
Edicción al cuidado del autor. |
| 500 ## - NOTA GENERAL |
| Nota general |
En español, traducido al inglé y al francés. |
| 504 ## - NOTA DE BIBLIOGRAFÍA, ETC. |
| Nota de bibliografía, etc. |
Incluye referencias bibliográficas |
| 650 #4 - PUNTO DE ACCESO ADICIONAL DE MATERIA--TÉRMINO DE MATERIA |
| 9 (RLIN) |
52295 |
| Término de materia o nombre geográfico como elemento de entrada |
Peña Defilló, Fernando, 1928- |
| Subdivisión general |
Crítica e interpretación. |
| 650 #4 - PUNTO DE ACCESO ADICIONAL DE MATERIA--TÉRMINO DE MATERIA |
| Término de materia o nombre geográfico como elemento de entrada |
Fotografía artística |
| Subdivisión general |
Colecciones |
| 9 (RLIN) |
52295 |
| 650 #4 - PUNTO DE ACCESO ADICIONAL DE MATERIA--TÉRMINO DE MATERIA |
| Término de materia o nombre geográfico como elemento de entrada |
Pintores dominicanos |
| Subdivisión general |
Crítica e interpretación |
| 9 (RLIN) |
82257 |
| 650 #4 - PUNTO DE ACCESO ADICIONAL DE MATERIA--TÉRMINO DE MATERIA |
| 9 (RLIN) |
51938 |
| Término de materia o nombre geográfico como elemento de entrada |
Fotografía |
| Subdivisión general |
Técnica |
| 650 #4 - PUNTO DE ACCESO ADICIONAL DE MATERIA--TÉRMINO DE MATERIA |
| Término de materia o nombre geográfico como elemento de entrada |
Obra pictórica |
| Subdivisión general |
Fotografias |
| Subdivisión geográfica |
República Dominicana |
| 9 (RLIN) |
82258 |
| 700 11 - PUNTO DE ACCESO ADICIONAL--NOMBRE DE PERSONA |
| Nombre de persona |
Gerón, Candido, |
| Fechas asociadas al nombre |
1948- |
| 9 (RLIN) |
3577 |
| 700 #1 - PUNTO DE ACCESO ADICIONAL--NOMBRE DE PERSONA |
| Nombre de persona |
Novas,Luis |
| Término indicativo de función/relación |
fot. |
| 9 (RLIN) |
82259 |
| 700 #1 - PUNTO DE ACCESO ADICIONAL--NOMBRE DE PERSONA |
| Nombre de persona |
Cabral, Amelia |
| Término indicativo de función/relación |
trad. inglés |
| 9 (RLIN) |
82260 |
| 700 #1 - PUNTO DE ACCESO ADICIONAL--NOMBRE DE PERSONA |
| Nombre de persona |
García Catagena, Manuel |
| Término indicativo de función/relación |
trad. francés |
| 9 (RLIN) |
82261 |
| 942 ## - ELEMENTOS DE PUNTO DE ACCESO ADICIONAL (KOHA) |
| Fuente del sistema de clasificación o colocación |
Dewey Decimal Classification |
| Tipo de ítem Koha |
Libro |